| 000 | 00396pab a2200157 454500 | ||
|---|---|---|---|
| 008 | 180718b2013-2014 xxu||||| |||| 00| 0 eng d | ||
| 100 | _aPeetush, Ashwani Kumar | ||
| 245 | _aDiversity secularism and religious toleration | ||
| 260 | _c2013-2014 | ||
| 300 | _ap.158-173. | ||
| 362 | _aWinter-Spring | ||
| 650 | _aSecularism | ||
| 773 | _aICC Quarterly | ||
| 908 | _aN | ||
| 909 | _a104346 | ||
| 999 |
_c104342 _d104342 |
||